Loreto College Library, Kolkata
WEBOPAC (ONLINE PUBLIC ACCESS CATALOGUE)

A short History of the Italian people (Record no. 8145)

MARC details
000 -LEADER
fixed length control field 00731nam a2200217Ia 4500
005 - DATE AND TIME OF LATEST TRANSACTION
control field 20230705085509.0
008 - FIXED-LENGTH DATA ELEMENTS--GENERAL INFORMATION
fixed length control field 131103s9999 xx 000 0 und d
040 ## - CATALOGING SOURCE
Original cataloging agency Loreto College
041 ## - LANGUAGE CODE
Language code English
082 ## - DDC | ডিউই
Classification number | বর্গসংখ্যা 945
Book Number | গ্রন্থাঙ্ক TRE
100 ## - MAIN ENTRY--PERSONAL NAME | মুখ্য সংলেখ - ব্যাক্তিনাম
Personal name | ব্যাক্তিনাম Trevelyan,Janet Penrose
245 #2 - TITLE STATEMENT | অাখ্যা বিবরণী
Title | অাখ্যা A short History of the Italian people
Sub title | উপঅাখ্যা from the Barbarian invasions to the present day
Statement of responsibility | লেখকের দায়িত্বের বিবরণ Janet Penrose Trevelyan; revised edition with an epilogue by D.Mack Smith;foreward by G.M.Trevelyan
250 ## - EDITION STATEMENT | সংস্করণ ক্ষেত্র
Edition statement | সংস্করণ 4th ed.,rev.
260 ## - IMPRINT | প্রকাশনা ক্ষেত্র
Place of publication | প্রকাশ স্থান London
Name of publisher | প্রকাশকের নাম George Allen & Unwin
Date of publication | প্রকাশ কাল 1956 (1959 printing)
300 ## - PHYSICAL DESCRIPTION |
Page / Vol. No | পৃষ্ঠা / খন্ড সংখ্যা 425 p.
Other physical details | অনান্য বাহ্যিক বিবরণ ill.,maps
504 ## - BIBLIOGRAPHY, ETC. NOTE
Bibliography, etc Includes index
650 ## - SUBJECT ADDED ENTRY--TOPICAL TERM | বিষয় শিরোনাম - মূল বিষয়
Topical term | মূল বিষয় Italy - History
700 ## - ADDED ENTRY--PERSONAL NAME | অতিরিক্ত সংলেখ - ব্
Personal name | ব্যাক্তিনাম Smith,D.Mack,rev.
850 ## - HOLDING INSTITUTION
Holding institution LCLIB
942 ## - ADDED ENTRY ELEMENTS (KOHA)
Koha item type Books
Holdings
Withdrawn status Lost status Source of classification Damaged status Not for loan Home library Current library Date acquired Total Checkouts Full call number Accession No. Date last seen Price effective from Koha item type Coded location qualifier
    Dewey Decimal Classification     Loreto College Loreto College 04/11/2013   945 TRE B8017 04/11/2013 04/11/2013 Books